000 00998nam a2200289Ia 4500
003 OSt
005 20221005091451.0
006 a|||||r|||| 00| 0
007 ta
008 221004b |||||||| |||| 00| 0 eng d
020 _a9781137603111 (hbk)
_cEURO 89.99
024 _a34154
037 _b13229, 15/09/2017, Elite Publishers Distributors
_cTextual
040 _aCRL
_cCRL
_beng
041 _2eng
_aeng
082 _aO111(Y11):g, Q7
100 _aO'Sullivan Keith Ed.
_9616228
245 0 _aChildren's literature collections
_b approaches to research
260 _aNew York
_bPalgrave Macmillan USA
_c2017
300 _ax,261p.
_ccm.
490 _aCritical approaches to children's literature
650 _a ENGLISH LITERATURE
650 _aCHILDREN LITERATURE
700 _a Whyte Padraic Ed.
_9616229
942 _hO111(Y11):g, Q7
_cTEXL
_2cc
999 _c997318
_d997318